000 005630000a22001810004500
003 MACL
005 20160120155544.0
008 160120b xxu||||| |||| 00| 0 eng d
040 _aMACL
_cMACL
041 _aHindi
082 _a340/SIN
100 _aसिंह अवतार
_933716
245 _aसंविदा विधि एक परिचय
_b…_… …Œ…̜…·…s…_
260 _bईस्‍टर्न बुक कम्‍पनी
_c1999
_aलखनउ
350 _a90
650 _aलाॅ
_933717
942 _cHIN
_k340/SIN
_2ddc
999 _c30472
_d30472